[Event "Titled Tuesday intern op 14th Dec"]
[Site "Chess.com INT"]
[Date "2021.12.14"]
[Round "1"]
[White "Chiu, Isaac"]
[Black "Sanguinetti, Luis"]
[Result "1-0"]
[WhiteElo "2245"]
[BlackElo "2178"]
[PlyCount "49"]
[EventDate "2021.12.14"]
[EventType "swiss (blitz)"]
[EventRounds "11"]
[EventCountry "USA"]
[SourceTitle "EXT 2023"]
[Source "ChessBase"]
[SourceDate "2022.10.05"]
[SourceVersion "1"]
[SourceVersionDate "2022.10.05"]
[SourceQuality "1"]

1. e4 c5 2. Nf3 g6 3. d4 cxd4 4. Qxd4 Nf6 5. Nc3 Nc6 6. Qa4 d6 7. e5 dxe5 8. Nxe5 Bg7 9. Bb5 0-0 10. Nxc6 bxc6 11. Bxc6 Rb8 12. 0-0 Bd7 13. Rd1 Bxc6 14. Qxc6 Qa5 15. Qa4 Qh5 16. h3 Rfc8 17. Qxa7 Ne4 18. Bf4 Nxc3 19. bxc3 Ra8 20. Qxe7 Bxc3 21. Rab1 Rxa2 22. Rd8+ Rxd8 23. Qxd8+ Kg7 24. Rb8 Ra1+ 25. Kh2 1-0

[Event "Titled Tuesday intern op 14th Dec"]
[Site "Chess.com INT"]
[Date "2021.12.14"]
[Round "2"]
[White "Sanguinetti, Luis"]
[Black "Frank, Adam"]
[Result "0-1"]
[WhiteElo "2178"]
[BlackElo "2339"]
[PlyCount "86"]
[EventDate "2021.12.14"]
[EventType "swiss (blitz)"]
[EventRounds "11"]
[EventCountry "USA"]
[SourceTitle "EXT 2023"]
[Source "ChessBase"]
[SourceDate "2022.10.05"]
[SourceVersion "1"]
[SourceVersionDate "2022.10.05"]
[SourceQuality "1"]

1. Nf3 c5 2. b3 Nc6 3. Bb2 b6 4. g3 Bb7 5. Bg2 Nf6 6. 0-0 d5 7. d4 e6 8. e3 Bd6 9. Nbd2 0-0 10. a3 a5 11. Re1 b5 12. h3 c4 13. e4 dxe4 14. Nxe4 Nxe4 15. Rxe4 Ne7 16. Re1 Rc8 17. bxc4 Rxc4 18. Nd2 Bxg2 19. Kxg2 Rc8 20. Ne4 Nd5 21. Qe2 Qb6 22. Rab1 Rfd8 23. Rbc1 Bf8 24. Qf3 Rc4 25. Nd2 Rc7 26. Ne4 Rdc8 27. c3 Qc6 28. h4 Nb6 29. Rc2 Nc4 30. Bc1 Bxa3 31. Bxa3 Nxa3 32. Ra2 Nc4 33. h5 h6 34. g4 b4 35. cxb4 axb4 36. Rb1 Rb8 37. Rc2 Qd5 38. Rcc1 Rcb7 39. Rb3 Na5 40. Re3 b3 41. g5 b2 42. gxh6 bxc1Q 43. Qg3 f5 0-1

[Event "Titled Tuesday intern op 14th Dec"]
[Site "Chess.com INT"]
[Date "2021.12.14"]
[Round "5"]
[White "Sanguinetti, Luis"]
[Black "Tarasova, Viktoriya"]
[Result "1-0"]
[WhiteElo "2178"]
[BlackElo "2226"]
[PlyCount "43"]
[EventDate "2021.12.14"]
[EventType "swiss (blitz)"]
[EventRounds "11"]
[EventCountry "USA"]
[SourceTitle "EXT 2023"]
[Source "ChessBase"]
[SourceDate "2022.10.05"]
[SourceVersion "1"]
[SourceVersionDate "2022.10.05"]
[SourceQuality "1"]

1. Nf3 Nf6 2. c4 c5 3. Nc3 Nc6 4. g3 e6 5. Bg2 d5 6. 0-0 Be7 7. cxd5 exd5 8. d4 b6 9. Bg5 Be6 10. Qa4 Qd7 11. dxc5 bxc5 12. Rfd1 d4 13. Bxf6 Bxf6 14. Nxd4 Nxd4 15. Bxa8 Qxa4 16. Nxa4 Nxe2+ 17. Kg2 0-0 18. Bd5 Bf5 19. Rd2 Re8 20. Nxc5 Nd4 21. Rad1 Nb5 22. Bc6 1-0

[Event "Montevideo Bouza Memorial"]
[Site "Montevideo"]
[Date "2017.07.21"]
[Round "4"]
[White "Martinez Fernandez, Fernando"]
[Black "Sanguinetti, Luis"]
[Result "0-1"]
[WhiteElo "1880"]
[BlackElo "2173"]
[PlyCount "74"]
[EventDate "2017.07.12"]
[EventType "swiss"]
[EventRounds "7"]
[EventCountry "URU"]
[SourceTitle "EXT 2018"]
[Source "ChessBase"]
[SourceDate "2017.10.13"]
[SourceVersion "1"]
[SourceVersionDate "2017.10.13"]
[SourceQuality "1"]

1. d4 c5 2. d5 e5 3. e4 d6 4. c4 Be7 5. Nf3 Bg4 6. Be2 Bxf3 7. Bxf3 Bg5 8. Nc3 Bxc1 9. Qxc1 Nf6 10. 0-0 0-0 11. Rb1 Nbd7 12. b3 a6 13. a3 Qb8 14. Qd1 b5 15. b4 cxb4 16. Rxb4 Qc7 17. Be2 Nb6 18. Qb3 Rfc8 19. Qc2 Nxc4 20. Bxc4 bxc4 21. Rfb1 h5 22. h3 Nd7 23. Qe2 g6 24. g4 hxg4 25. Rb7 Qd8 26. Qxg4 Nc5 27. R7b4 Nd3 28. Rb7 Qf6 29. Qg3 Kg7 30. Rf1 Nf4 31. f3 Rh8 32. h4 Rxh4 33. Kf2 Rh3 34. Qg1 Qh4+ 35. Ke3 Qh6 36. Kf2 Nd3+ 37. Kg2 Qg5+ 0-1

[Event "Montevideo Bouza Memorial"]
[Site "Montevideo"]
[Date "2017.07.14"]
[Round "2"]
[White "Barboza, Mauro"]
[Black "Sanguinetti, Luis"]
[Result "0-1"]
[WhiteElo "1909"]
[BlackElo "2173"]
[PlyCount "70"]
[EventDate "2017.07.12"]
[EventType "swiss"]
[EventRounds "7"]
[EventCountry "URU"]
[SourceTitle "EXT 2018"]
[Source "ChessBase"]
[SourceDate "2017.10.13"]
[SourceVersion "1"]
[SourceVersionDate "2017.10.13"]
[SourceQuality "1"]

1. e4 c5 2. Nf3 g6 3. d4 cxd4 4. Nxd4 Bg7 5. Be3 Nc6 6. Nc3 Nf6 7. Bc4 0-0 8. f3 Qa5 9. Bb3 d6 10. 0-0 Qh5 11. Qd2 Bd7 12. Nce2 Nxd4 13. Nxd4 d5 14. Ne2 dxe4 15. Ng3 Qe5 16. Bd4 Qd6 17. Rad1 e5 18. Be3 Qxd2 19. Rxd2 exf3 20. gxf3 Bc6 21. Kf2 a6 22. h3 Rad8 23. Rfd1 Rxd2+ 24. Rxd2 h6 25. Bc5 Re8 26. c3 Bf8 27. Bb6 h5 28. h4 Be7 29. Be3 e4 30. fxe4 Ng4+ 31. Kf3 Nxe3 32. Kxe3 Bxh4 33. Kf3 Bxg3 34. Kxg3 Rxe4 35. Rf2 Re7 0-1

[Event "URU-chTA"]
[Site "Uruguay"]
[Date "2017.07.08"]
[Round "2.3"]
[White "Sanguinetti, Luis"]
[Black "Kimelman, Gabriel"]
[Result "1-0"]
[WhiteElo "2173"]
[BlackElo "2252"]
[PlyCount "55"]
[EventDate "2017.07.07"]
[EventType "team-swiss"]
[EventRounds "5"]
[EventCountry "URU"]
[SourceTitle "EXT 2018"]
[Source "ChessBase"]
[SourceDate "2017.10.13"]
[SourceVersion "1"]
[SourceVersionDate "2017.10.13"]
[SourceQuality "1"]
[WhiteTeam "La Proa"]
[BlackTeam "CBR"]
[WhiteTeamCountry "URU"]
[BlackTeamCountry "URU"]

1. d4 e6 2. Nf3 f5 3. c4 Nf6 4. Nc3 Bb4 5. g3 b6 6. Bg2 Bb7 7. 0-0 Bxc3 8. bxc3 0-0 9. a4 Nc6 10. Nd2 Qe8 11. e4 fxe4 12. Nxe4 Qg6 13. Qc2 Nxe4 14. Qxe4 Qxe4 15. Bxe4 Na5 16. Bxb7 Nxb7 17. Bf4 Rf5 18. Rfb1 g5 19. Be3 Nd6 20. g4 Ra5 21. c5 Ne4 22. c4 bxc5 23. Rb5 Ra6 24. dxc5 Rc6 25. f3 a6 26. fxe4 a5 27. Rb7 Rf8 28. Rf1 1-0

[Event "Montevideo Trebejos Autumn op"]
[Site "Montevideo"]
[Date "2017.05.08"]
[Round "6"]
[White "Sanguinetti, Luis"]
[Black "Ramos Correa, Gabriel"]
[Result "1-0"]
[WhiteElo "2202"]
[BlackElo "1772"]
[PlyCount "55"]
[EventDate "2017.04.24"]
[EventType "swiss"]
[EventRounds "7"]
[EventCountry "URU"]
[SourceTitle "CBM 178 Extra"]
[Source "ChessBase"]
[SourceDate "2017.06.22"]
[SourceVersion "1"]
[SourceVersionDate "2017.06.22"]
[SourceQuality "1"]

1. e4 c5 2. Nf3 d6 3. Bb5+ Bd7 4. Bxd7+ Qxd7 5. 0-0 Nc6 6. c3 Nf6 7. Re1 g6 8. d4 cxd4 9. cxd4 Bg7 10. Nc3 0-0 11. Bg5 h6 12. Bh4 Rfd8 13. h3 Nh5 14. Nd5 g5 15. Nxg5 hxg5 16. Bxg5 Nf6 17. Bxf6 Bxf6 18. Re3 Bg7 19. Rg3 Kf8 20. Qh5 Nxd4 21. Rxg7 Kxg7 22. Rd1 Ne6 23. Rd3 f6 24. Rg3+ Kf8 25. Qh8+ Kf7 26. Qh7+ Ke8 27. Rg8+ Nf8 28. Qg6# 1-0

[Event "URU-chTA"]
[Site "Montevideo"]
[Date "2016.09.24"]
[Round "4.33"]
[White "Barboza, Mauro"]
[Black "Sanguinetti, Luis"]
[Result "0-1"]
[WhiteElo "1922"]
[BlackElo "2218"]
[PlyCount "98"]
[EventDate "2016.09.23"]
[EventType "team-swiss"]
[EventRounds "5"]
[EventCountry "URU"]
[SourceTitle "EXT 2018"]
[Source "ChessBase"]
[SourceDate "2017.10.13"]
[SourceVersion "1"]
[SourceVersionDate "2017.10.13"]
[SourceQuality "1"]

1. e4 d6 2. d4 Nf6 3. Nc3 c6 4. Bg5 Nbd7 5. Nf3 e5 6. dxe5 dxe5 7. Bc4 Be7 8. 0-0 0-0 9. Qe2 Qc7 10. h3 b5 11. Bd3 Nc5 12. a3 Ne6 13. Bxf6 Bxf6 14. Qe3 Be7 15. Ne2 a5 16. c3 Bc5 17. Qc1 Rd8 18. Bc2 a4 19. Bb1 Bb6 20. Ba2 Nc5 21. Ng3 Qe7 22. Rd1 Rxd1+ 23. Qxd1 Be6 24. Bxe6 Qxe6 25. Qe2 Rd8 26. Rd1 Rxd1+ 27. Qxd1 g6 28. Qd2 f6 29. Kh2 Qd7 30. Qxd7 Nxd7 31. Kg1 Nc5 32. Ne1 Kf7 33. Kf1 Ke6 34. Ke2 Kd6 35. f3 Ne6 36. Nd3 c5 37. Kf1 c4 38. Ne1 Be3 39. Ne2 Nf4 40. Nc2 Bd2 41. Nxf4 Bxf4 42. Ke2 Bc1 43. Kd1 Bxb2 44. Kd2 Ke6 45. g3 f5 46. f4 fxe4 47. fxe5 Kxe5 48. Nd4 Bxa3 49. Nxb5 Bc5 0-1

[Event "URU-chT Clubs"]
[Site "Punta del Este"]
[Date "2014.08.24"]
[Round "4.31"]
[White "Grushka, Carlos"]
[Black "Sanguinetti, Luis"]
[Result "1-0"]
[WhiteElo "2226"]
[BlackElo "2223"]
[PlyCount "49"]
[EventDate "2014.08.23"]
[EventType "team-swiss"]
[EventRounds "5"]
[EventCountry "URU"]
[SourceTitle "EXT 2017"]
[Source "ChessBase"]
[SourceDate "2016.10.25"]
[SourceVersion "1"]
[SourceVersionDate "2016.10.25"]
[SourceQuality "1"]

1. Nf3 d5 2. g3 Nf6 3. Bg2 Bf5 4. c4 dxc4 5. Na3 c6 6. Nxc4 Nbd7 7. 0-0 e6 8. d3 h6 9. Bf4 Nb6 10. Na5 Qc8 11. Rc1 Bb4 12. Nxc6 bxc6 13. Nd4 Nfd5 14. Nxc6 Nxf4 15. gxf4 Bd6 16. a4 Qa6 17. a5 Nd7 18. Qa4 Rb8 19. e4 Bh7 20. e5 Qb5 21. Qxb5 Rxb5 22. exd6 0-0 23. Ne7+ Kh8 24. Bc6 Rxb2 25. Bxd7 1-0

[Event "URU-chT Clubs"]
[Site "Punta del Este"]
[Date "2014.08.24"]
[Round "3.41"]
[White "Sanguinetti, Luis"]
[Black "Braso, Jorge"]
[Result "1-0"]
[WhiteElo "2223"]
[BlackElo "2177"]
[PlyCount "57"]
[EventDate "2014.08.23"]
[EventType "team-swiss"]
[EventRounds "5"]
[EventCountry "URU"]
[SourceTitle "EXT 2017"]
[Source "ChessBase"]
[SourceDate "2016.10.25"]
[SourceVersion "1"]
[SourceVersionDate "2016.10.25"]
[SourceQuality "1"]

1. d4 d5 2. c4 e6 3. Nc3 Nf6 4. cxd5 exd5 5. Bg5 Be7 6. e3 0-0 7. Bd3 c6 8. Qc2 h6 9. Bh4 Re8 10. Nge2 Nbd7 11. 0-0 Nf8 12. f3 Ne6 13. Rad1 Nd7 14. Bf2 Nf6 15. h3 Bd7 16. e4 dxe4 17. fxe4 Rc8 18. Qb1 Nf8 19. Kh1 Ra8 20. a3 Qc8 21. Kh2 Be6 22. Nf4 Bb3 23. Rde1 Ne6 24. Nxe6 Bxe6 25. Qc2 Qc7+ 26. Kh1 Qc8 27. Re3 Nh7 28. d5 cxd5 29. exd5 1-0

[Event "URU-ch"]
[Site "Montevideo"]
[Date "2014.04.10"]
[Round "10"]
[White "Sanguinetti, Luis"]
[Black "Arcos Facio, Mateo"]
[Result "0-1"]
[WhiteElo "2241"]
[BlackElo "2199"]
[PlyCount "90"]
[EventDate "2014.04.02"]
[EventType "tourn"]
[EventRounds "11"]
[EventCountry "URU"]
[SourceTitle "CBM 159 Extra"]
[Source "ChessBase"]
[SourceDate "2014.04.24"]
[SourceVersion "1"]
[SourceVersionDate "2014.04.24"]
[SourceQuality "1"]

1. d4 Nf6 2. c4 g6 3. Nc3 Bg7 4. e4 d6 5. Bd3 0-0 6. Nge2 Nc6 7. Bc2 Nh5 8. 0-0 e5 9. d5 Ne7 10. Be3 f5 11. exf5 gxf5 12. f4 exf4 13. Nxf4 Nxf4 14. Bxf4 Ng6 15. Qh5 Nxf4 16. Rxf4 Be5 17. Rh4 Qe7 18. Rf1 Bd7 19. Rh3 Be8 20. Qd1 Bg6 21. Qb1 Kg7 22. Bd3 Rae8 23. Ne2 f4 24. Rhf3 Qg5 25. Bxg6 hxg6 26. Qc1 Rf5 27. Nxf4 Bxf4 28. Rxf4 Re2 29. g3 Rxf4 30. Qxf4 Qxf4 31. Rxf4 Rxb2 32. Re4 Kf6 33. Rh4 Rxa2 34. Rh7 a5 35. Rxc7 Rb2 36. Rc8 a4 37. Ra8 Rb4 38. Ra7 Ke5 39. Kf2 Kd4 40. Kf3 Kxc4 41. Kf4 Kb3+ 42. Kg5 a3 43. Kxg6 b5 44. Re7 a2 45. Re1 Ka3 0-1

[Event "URU-ch"]
[Site "Montevideo"]
[Date "2014.04.06"]
[Round "6"]
[White "Sanguinetti, Luis"]
[Black "Larrea, Manuel"]
[Result "0-1"]
[WhiteElo "2241"]
[BlackElo "2341"]
[PlyCount "100"]
[EventDate "2014.04.02"]
[EventType "tourn"]
[EventRounds "11"]
[EventCountry "URU"]
[SourceTitle "CBM 159 Extra"]
[Source "ChessBase"]
[SourceDate "2014.04.24"]
[SourceVersion "1"]
[SourceVersionDate "2014.04.24"]
[SourceQuality "1"]

1. d4 Nf6 2. Nf3 g6 3. g3 Bg7 4. Bg2 0-0 5. 0-0 d6 6. a4 Nbd7 7. a5 a6 8. Nc3 Rb8 9. e4 c5 10. d5 b5 11. axb6 Nxb6 12. Re1 Ne8 13. Bf1 Nc7 14. Ra5 Bb7 15. Bg5 h6 16. Bf4 g5 17. Bc1 e6 18. h4 g4 19. Nh2 h5 20. Bg5 f6 21. Bf4 e5 22. Bc1 Qd7 23. Bg2 f5 24. exf5 Qxf5 25. Re2 Rbd8 26. Be4 Qf7 27. Qd3 Ncxd5 28. Bg6 Qc7 29. Bxh5 Nxc3 30. bxc3 Qc6 31. f3 gxf3 32. Bxf3 Rxf3 33. Qxf3 Qxf3 34. Nxf3 Bxf3 35. Rf2 Bb7 36. Bg5 Rd7 37. h5 e4 38. Kh2 Bxc3 39. Ra3 Bd4 40. Rf5 Nc4 41. Rb3 a5 42. c3 Be5 43. Rb1 a4 44. Rbf1 Bd5 45. Rf8+ Kg7 46. h6+ Kg6 47. Bf6 Kxh6 48. Bxe5 Nxe5 49. Ra1 Rh7 50. Rxa4 Kg7+ 0-1

[Event "URU-ch sf"]
[Site "Montevideo"]
[Date "2014.03.04"]
[Round "8"]
[White "Garcia Silveira, Luis"]
[Black "Sanguinetti, Luis"]
[Result "0-1"]
[WhiteElo "2094"]
[BlackElo "2244"]
[PlyCount "76"]
[EventDate "2014.02.28"]
[EventType "swiss"]
[EventRounds "9"]
[EventCountry "URU"]
[SourceTitle "CBM 159 Extra"]
[Source "ChessBase"]
[SourceDate "2014.04.24"]
[SourceVersion "1"]
[SourceVersionDate "2014.04.24"]
[SourceQuality "1"]

1. c4 c6 2. Nf3 d5 3. e3 Nf6 4. b3 Bg4 5. Bb2 e6 6. Be2 Nbd7 7. 0-0 Bd6 8. d4 0-0 9. Ne5 Bxe2 10. Qxe2 Qc7 11. f4 Ne4 12. Nd2 Nxd2 13. Qxd2 Nf6 14. c5 Bxe5 15. dxe5 Ne4 16. Qc2 b6 17. Bd4 Rab8 18. Rac1 Rfc8 19. Rfd1 bxc5 20. Bxc5 Rb5 21. Bd4 c5 22. Qe2 Qb7 23. Rc2 Ra8 24. Ba1 a5 25. Qd3 a4 26. bxa4 Rxa4 27. g4 h6 28. Rg2 Qa6 29. g5 hxg5 30. fxg5 Rxa2 31. Qf1 Rba5 32. Bb2 Qxf1+ 33. Rxf1 Rb5 34. g6 Rbxb2 35. gxf7+ Kf8 36. Rxg7 Rf2 37. Rg4 Rxf1+ 38. Kxf1 Rxh2 0-1

[Event "Montevideo Verano Serie A"]
[Site "Montevideo"]
[Date "2014.01.23"]
[Round "7.2"]
[White "Sanguinetti, Luis"]
[Black "Benoit, Rodrigo"]
[Result "1-0"]
[WhiteElo "2237"]
[BlackElo "1985"]
[PlyCount "71"]
[EventDate "2014.01.09"]
[EventType "tourn"]
[EventRounds "7"]
[EventCountry "URU"]
[SourceTitle "EXT 2024"]
[Source "ChessBase"]
[SourceDate "2023.10.10"]
[SourceVersion "1"]
[SourceVersionDate "2023.10.10"]
[SourceQuality "1"]

1. c4 c5 2. Nc3 g6 3. Nf3 Bg7 4. d4 cxd4 5. Nxd4 Nc6 6. Nb3 Nf6 7. e4 d6 8. Be2 0-0 9. 0-0 b6 10. Bg5 Bb7 11. Re1 Rc8 12. Bf1 Qd7 13. Nd5 Ne5 14. Nd2 Bxd5 15. cxd5 Qb7 16. Qa4 a5 17. Rab1 Ned7 18. Bb5 Nc5 19. Qd1 h6 20. Bh4 Rfd8 21. a3 Na6 22. b4 Qa7 23. Qe2 Nb8 24. Nc4 Rc7 25. f3 axb4 26. axb4 Rdc8 27. Bf2 Nfd7 28. f4 Qb7 29. Qd3 Kh7 30. e5 dxe5 31. d6 Rxc4 32. Bxc4 e6 33. Bg3 exf4 34. Bxf4 e5 35. Bg3 f5 36. Bd5 1-0

[Event "Montevideo Verano Serie A"]
[Site "Montevideo"]
[Date "2014.01.13"]
[Round "3.4"]
[White "Sanguinetti, Luis"]
[Black "Izquierdo, Sebastian"]
[Result "1-0"]
[WhiteElo "2237"]
[BlackElo "2035"]
[PlyCount "75"]
[EventDate "2014.01.09"]
[EventType "tourn"]
[EventRounds "7"]
[EventCountry "URU"]
[SourceTitle "EXT 2024"]
[Source "ChessBase"]
[SourceDate "2023.10.10"]
[SourceVersion "1"]
[SourceVersionDate "2023.10.10"]
[SourceQuality "1"]

1. d4 d5 2. Nf3 c6 3. Bf4 f5 4. e3 Nf6 5. Bd3 e6 6. 0-0 Be7 7. c4 0-0 8. Nc3 Ne4 9. h3 Nd7 10. Qc2 Ndf6 11. Rab1 Bd7 12. b4 Nxc3 13. Qxc3 Ne4 14. Qc2 a6 15. c5 Be8 16. Ne5 Bf6 17. Rb2 Bxe5 18. Bxe5 Nf6 19. Rfb1 Nd7 20. Bd6 Rf6 21. a4 h5 22. b5 axb5 23. axb5 g5 24. Ra2 h4 25. Rba1 Rxa2 26. Qxa2 Nf8 27. Qa8 Qd7 28. bxc6 Qxc6 29. Rb1 Rf7 30. Bb5 Qxb5 31. Rxb5 Bxb5 32. Bxf8 Rxf8 33. Qxb7 Ba4 34. Qe7 Ra8 35. Qxg5+ Kf7 36. Qh5+ Ke7 37. Qxh4+ Kd7 38. Qg5 1-0

[Event "Montevideo Verano Serie A"]
[Site "Montevideo"]
[Date "2014.01.09"]
[Round "1.4"]
[White "Muniz, Rafael"]
[Black "Sanguinetti, Luis"]
[Result "0-1"]
[WhiteElo "2280"]
[BlackElo "2237"]
[PlyCount "66"]
[EventDate "2014.01.09"]
[EventType "tourn"]
[EventRounds "7"]
[EventCountry "URU"]
[SourceTitle "EXT 2024"]
[Source "ChessBase"]
[SourceDate "2023.10.10"]
[SourceVersion "1"]
[SourceVersionDate "2023.10.10"]
[SourceQuality "1"]

1. e4 c5 2. Nf3 g6 3. d4 cxd4 4. Nxd4 Bg7 5. c4 Nc6 6. Be3 Nf6 7. Nc3 0-0 8. Be2 d6 9. 0-0 Bd7 10. Qd2 Nxd4 11. Bxd4 Be6 12. f3 Nd7 13. Be3 a5 14. b3 Nc5 15. Rab1 Qb6 16. Rfc1 Rfc8 17. Kh1 h5 18. Bd1 Qb4 19. Be2 Kh7 20. Rc2 a4 21. Nd5 Qxd2 22. Bxd2 Bxd5 23. cxd5 Nxb3 24. Rxc8 Rxc8 25. axb3 a3 26. Bc4 a2 27. Rd1 Ra8 28. Kg1 Bd4+ 29. Kf1 a1Q 30. Rxa1 Rxa1+ 31. Ke2 Rg1 32. Kd3 Bg7 33. h4 Bf6 0-1

[Event "URU-ch 83rd"]
[Site "Montevideo"]
[Date "2013.03.12"]
[Round "2"]
[White "Larrea, Manuel"]
[Black "Sanguinetti, Luis"]
[Result "1-0"]
[WhiteElo "2266"]
[BlackElo "2245"]
[PlyCount "84"]
[EventDate "2013.03.11"]
[EventType "tourn"]
[EventRounds "11"]
[EventCountry "URU"]
[SourceTitle "CBM 153 Extra"]
[Source "ChessBase"]
[SourceDate "2013.04.22"]
[SourceVersion "1"]
[SourceVersionDate "2013.04.22"]
[SourceQuality "1"]

1. e4 e6 2. d4 d5 3. Nc3 Bb4 4. e5 Ne7 5. a3 Bxc3+ 6. bxc3 b6 7. Qg4 Ng6 8. h4 h5 9. Qg3 Ba6 10. Ne2 Qd7 11. a4 Bc4 12. Nf4 Nxf4 13. Bxf4 g6 14. Bg5 Qc6 15. Rh3 Nd7 16. Qf4 Bxf1 17. Kxf1 Qc4+ 18. Kg1 c5 19. Rf3 Rh7 20. Qd2 Rc8 21. Ra3 Rh8 22. Rd3 Kf8 23. Qf4 Ke8 24. Qc1 Kf8 25. Qb2 Kg7 26. Qb5 Qxb5 27. axb5 Rc7 28. Rd1 f6 29. exf6+ Nxf6 30. Rda1 cxd4 31. Rxa7 Rhc8 32. cxd4 Kf7 33. R1a6 Nd7 34. c3 Ke8 35. Rxc7 Rxc7 36. Bd2 Kf7 37. f3 Kf6 38. g3 Kf7 39. Kf2 Rc4 40. Ke2 Rc7 41. Kd3 Kf6 42. Ra8 e5 1-0

[Event "URU-ch 83rd"]
[Site "Montevideo"]
[Date "2013.03.11"]
[Round "1"]
[White "Sanguinetti, Luis"]
[Black "Sosa Macho, Juan Manuel"]
[Result "0-1"]
[WhiteElo "2245"]
[BlackElo "2157"]
[PlyCount "66"]
[EventDate "2013.03.11"]
[EventType "tourn"]
[EventRounds "11"]
[EventCountry "URU"]
[SourceTitle "CBM 153 Extra"]
[Source "ChessBase"]
[SourceDate "2013.04.22"]
[SourceVersion "1"]
[SourceVersionDate "2013.04.22"]
[SourceQuality "1"]

1. d4 Nf6 2. c4 e6 3. Nc3 Bb4 4. e3 b6 5. Nge2 Ba6 6. a3 Be7 7. Nf4 d5 8. Qb3 Bd6 9. Nh3 c6 10. Be2 0-0 11. 0-0 Nbd7 12. cxd5 Bxe2 13. Nxe2 cxd5 14. Bd2 Qb8 15. f4 Ne4 16. Bb4 a5 17. Bxd6 Qxd6 18. Qd3 f5 19. Rfc1 Rfc8 20. Rc2 Rxc2 21. Qxc2 b5 22. a4 bxa4 23. Qxa4 Nb6 24. Qb5 Nc4 25. b3 Rb8 26. Qa4 Nxe3 27. Rc1 h6 28. Nf2 Qa6 29. Qa2 Rxb3 30. Nxe4 fxe4 31. Kf2 a4 32. Nc3 Rxc3 33. Rxc3 Nd1+ 0-1